Statistics for Capital Cities in South America

Click here to take the quiz!

General Stats

  • This quiz has been taken 13 times
  • The average score is 11 of 13

Answer Stats

CountryCity% Correct
ArgentinaBuenos Aires
100%
BrazilBrasilia
100%
ColombiaBogota
100%
EcuadorQuito
100%
PeruLima
100%
VenezuelaCaracas
100%
BoliviaLa Paz
92%
ChileSantiago
92%
UruguayMontevideo
92%
Bolivia (2)Sucre
77%
ParaguayAsuncion
77%
GuyanaGeorgetown
54%
SurinameParamaribo
46%

Score Distribution

Percentile by Number Answered

Percent of People with Each Score

Your Score History

You have not taken this quiz